ਪੰਜਾਬੀ ਸ਼ਬਦ ਜੋੜ ਕੋਸ਼ (Record no. 1435254)
[ view plain ]
| 000 -LEADER | |
|---|---|
| fixed length control field | 00799nam a22001937a 4500 |
| 005 - DATE AND TIME OF LATEST TRANSACTION | |
| control field | 20250909124402.0 |
| 008 - FIXED-LENGTH DATA ELEMENTS--GENERAL INFORMATION | |
| fixed length control field | 250909b |||||||| |||| 00| 0 eng dhttp://opac.duls.du.ac.in:8080/cgi-bin/koha/cataloguing/addbiblio.pl?frameworkcode=BKS# |
| 037 ## - SOURCE OF ACQUISITION | |
| Terms of availability | Ref |
| 040 ## - CATALOGING SOURCE | |
| Original cataloging agency | AL |
| Transcribing agency | AL |
| 041 ## - LANGUAGE CODE | |
| Source of code | pun |
| Language code of text/sound track or separate title | pun |
| 084 ## - COLON CLASSIFICATION NUMBER | |
| Assigning agency | AL |
| 100 ## - MAIN ENTRY--PERSONAL NAME | |
| Personal name | ਜੋਸ਼ੀ ਸ ਸ |
| 9 (RLIN) | 820659 |
| 245 ## - TITLE STATEMENT | |
| Title | ਪੰਜਾਬੀ ਸ਼ਬਦ ਜੋੜ ਕੋਸ਼ |
| 260 ## - PUBLICATION, DISTRIBUTION, ETC. | |
| Place of publication, distribution, etc. | ਪਟਿਆਲਾ, ਭਾਰਤ: |
| Name of publisher, distributor, etc. | ਪਬਲੀਕੇਸ਼ਨ ਬਿਉਰੋ, |
| Date of publication, distribution, etc. | 1998. |
| 300 ## - PHYSICAL DESCRIPTION | |
| Extent | 334ਪੰ |
| 650 ## - SUBJECT ADDED ENTRY--TOPICAL TERM | |
| Source of heading or term | ਸਿੱਖ ਧਰਮ |
| 942 ## - ADDED ENTRY ELEMENTS (KOHA) | |
| Source of classification or shelving scheme | Colon Classification (CC) |
| Koha item type | Reference |
| Classification part | Q8441:21k 153N8 |
| Suppress in OPAC | No |
| Withdrawn status | Lost status | Source of classification or shelving scheme | Damaged status | Not for loan | Home library | Current library | Date acquired | Cost, normal purchase price | Inventory number | Total Checkouts | Full call number | Barcode | Date last seen | Price effective from | Koha item type |
|---|---|---|---|---|---|---|---|---|---|---|---|---|---|---|---|
| Colon Classification (CC) | Arts Library | Arts Library | 2025-09-09 | 150.00 | 195 & 26.10.2004 | Q8441:21k 153N8 | AL1222554 | 2025-09-09 | 2025-09-09 | Reference | |||||
| Colon Classification (CC) | Arts Library | Arts Library | 2025-09-09 | 150.00 | 195 & 26.10.2004 | Q8441:21k 153N8 | AL1222555 | 2025-09-09 | 2025-09-09 | Reference | |||||
| Colon Classification (CC) | Arts Library | Arts Library | 2025-09-09 | 150.00 | 195 & 26.10.2004 | Q8441:21k 153N8 | AL1202252 | 2025-09-09 | 2025-09-09 | Reference | |||||
| Colon Classification (CC) | Arts Library | Arts Library | 2025-09-09 | 150.00 | 195 & 26.10.2004 | Q8441:21k 153N8 | AL1202253 | 2025-09-09 | 2025-09-09 | Reference |
